Zanaco 2011 annual report (Record no. 62445)

MARC details
000 -LEADER
fixed length control field 00583nam a2200133 a 4500
008 - FIXED-LENGTH DATA ELEMENTS--GENERAL INFORMATION
fixed length control field 121219s2011 ||||||||||||||||| || u
050 ## - LIBRARY OF CONGRESS CALL NUMBER
Classification number ZANACO(058)
110 ## - MAIN ENTRY--CORPORATE NAME
Corporate name or jurisdiction name as entry element Zambia National Commercial Bank plc
245 10 - TITLE STATEMENT
Title Zanaco 2011 annual report
Statement of responsibility, etc. by Zambia National Commercial Bank Plc [ZANACO]
260 ## - PUBLICATION, DISTRIBUTION, ETC.
Place of publication, distribution, etc. Lusaka:
Name of publisher, distributor, etc. Zambia National Commercial Bank
Date of publication, distribution, etc. 2011
300 ## - PHYSICAL DESCRIPTION
Extent [i], 79p.: ill.
650 ## - SUBJECT ADDED ENTRY--TOPICAL TERM
Topical term or geographic name entry element ZAMBIA NATIONAL COMMERCIAL BANK PLC--ANNUAL REPORT
995 ## - RECOMMENDATION 995 [LOCAL, UNIMARC FRANCE]
-- CBU-MAIN LIBRARY (Kitwe)
-- 1
-- AVAILABLE
-- Dec 27, 2012
-- Zambiana Collection
Holdings
Withdrawn status Lost status Source of classification or shelving scheme Damaged status Not for loan Home library Current library Shelving location Date acquired Total Checkouts Full call number Barcode Date last seen Price effective from Koha item type
          CBU-MAIN LIBRARY, KITWE. CBU-MAIN LIBRARY, KITWE.   11/30/2022   ZANACO(058) B416 11/30/2022 11/30/2022 MONOGRAPH